00631nam a2200169Ia 4500008004100000020001800041041000800059082001600067100001900083245014100102250000600243260003300249300001300282650002200295999001900317952012500336210716s2013 xx 000 0 und d a9780143420866 aeng a374.22 IYEP aIyer, Prakash. aHabit of winning: stories to inspire motivate and unleash the winner within.bStories to inspire motivate and unleash the winner within. a1 aHaryanabPenguin Booksc2013 axxiv,248 aGeneral Knowledge c210469d210469 001040708MBAaAIMITbAIMITd2018-03-01g299.00l0o374.22 IYEPpMBA13037r2026-05-23 00:00:00v224.25w2021-07-16yBK